| 000 | 00994nas0a22002171i 4500 | ||
|---|---|---|---|
| 001 | v19\rc\1270089 | ||
| 005 | 20260406163011.0 | ||
| 035 | _a(NLR Aleph) 004422363 | ||
| 090 |
_a4153930 _c4153930 |
||
| 100 | _a20060306b18951915|||a0rusy50 ca | ||
| 101 | 0 | _arus | |
| 102 | _aRU | ||
| 105 | _ay z ||||| | ||
| 200 | 1 |
_aТруды Геологической части Кабинета его императорского величества _eТ. 1-8 |
|
| 210 |
_aСанкт-Петербург _d1895-1915 |
||
| 710 | 0 | 1 |
_aРоссия _bКабинет Его (Её) Императорского Величества _bГеологическая часть _3RU\NLR\AUTH\889934417 _9363935 |
| 801 | 0 |
_aRU _bNLR _gpsbo |
|
| 801 | 1 |
_aRU _bProSoft-M _2rusmarc |
|
| 830 | _aПеречень имеющихся в библиотеке томов, номеров, годов этого издания смотри в каталоге периодических изданий | ||
| 852 |
_aNLR _j2/1571 |
||
| 942 | _cSE | ||